| 000 | 004470000a22001570004500 | ||
|---|---|---|---|
| 090 |
_aAR _b02305 |
||
| 245 | 1 | 0 | _aPlanta de la medicina popular en Cali |
| 650 | 1 | 4 |
_aPlantas útiles _992936 |
| 650 | 1 | 4 |
_aConocimiento tradicional _992244 |
| 650 | 1 | 4 |
_aBotánica _9361 |
| 651 | 4 |
_mCali _dValle del Cauca _pColombia _992749 |
|
| 041 | 0 | _aEspañol | |
| 100 | 1 |
_aEspinal T., Luis Sigifredo _913133 |
|
| 942 | _cARTICULO | ||
| 773 | 1 |
_tTesis _3103 _q7-24 _d1968 |
|
| 999 |
_c11377 _d11377 |
||